Score 0/25 Timer 05:00
2 Plays Today
Initials Answer % Correct
C.D.Christmas day
97%
G.H.George Harrison
90.5%
S.T.Star Trek
89.3%
I.J.Indiana Jones
88.8%
D.E.Dwight Eisenhower
88.3%
P.Q.pop quiz
87.7%
J.K.just kidding
84.8%
V.W.Vietnam War
84.5%
K.L.key lime
81.6%
O.P.Optimus Prime
75.5%
E.F.eternal flame
74.4%
L.M.lo mein
68%
F.G.fool's gold
66.3%
Initials Answer % Correct
W.X.Windows XP
65.9%
B.C.bass clarinet
62.6%
T.U.thermal underwear
61.8%
R.S.Red Sea
57.5%
A.B.asteroid belt
57%
Q.R.quarter rest
56.9%
N.O.navel orange
45%
M.N.mixed number
41.9%
H.I.Henrik Ibsen
30.8%
U.V.Upper Volta
20.5%
Y.Z.Year Zero
7.3%
X.Y.Xiao Yi
3.4%

You're not logged in!

Compare scores with friends on all Sporcle quizzes.
OR
Log In

Sporcle TV

Today on Sporcle TV


Watch our educational content, quiz creation guides, and fun videos on Sporcle TV.

Show Comments

Extras

Top Quizzes Today


Score Distribution

Paid Content

Your Account Isn't Verified!

In order to create a playlist on Sporcle, you need to verify the email address you used during registration. Go to your Sporcle Settings to finish the process.

Report this User

Report this user for behavior that violates our Community Guidelines.

Details: